| 000 | 00832cab a2200265 4500 | ||
|---|---|---|---|
| 001 | ABS48645 | ||
| 008 | 090401t1993 xxu||||| |||| 00| 0 eng d | ||
| 035 | _a(Sirsi) u67753 | ||
| 041 | _aeng | ||
| 100 | _aWhite, M. | ||
| 245 | _aContaminated land : can grants be the answer? | ||
| 260 | _c1993 | ||
| 350 | _a0 | ||
| 490 |
_aEstates Gazette _v(9318) 8 May 1993, 100-102(3) |
||
| 520 | _aQuestions whether grants such as the Derelict Land Grant or the City Grant will provide a suitable answer to the redevelopment of contaminated land. Includes hypothetical calculations. | ||
| 650 | _aCITY GRANT | ||
| 650 | _aCONTAMINATED LAND | ||
| 650 | _aDERELICT LAND GRANT | ||
| 650 | _aGRANTS | ||
| 650 | _aLAND RECLAMATION | ||
| 690 | _aLAND | ||
| 690 | _aPLANNING LAW AND PRACTICE | ||
| 942 | _n0 | ||
| 948 | _c04/03/1997 | ||
| 999 |
_c42431 _d42431 |
||